Top 15 Largest Countries by Area- 2024 - Statistics

General Stats
  • This quiz has been taken 46 times
  • The average score is 13 of 15
Answer Stats
Answer % Correct
Australia
100%
Brazil
100%
Canada
100%
India
100%
Russia
100%
Argentina
97%
China
97%
United States of America
97%
Algeria
92%
Mexico
92%
Indonesia
89%
Democratic Republic of the Congo
86%
Kazakhstan
75%
Saudi Arabia
75%
Denmark (Greenland)
31%
No matching quizzes found
Score Distribution
Percent of People with Each Score
Percentile by Number Answered
Your Score History
You have not taken this quiz